Normal view
MARC view
- Heck, Ronald M.,
Entry Personal Name
001 - CONTROL NUMBER
- control field: 9957
003 - CONTROL NUMBER IDENTIFIER
- control field: NUST
005 - DATE AND TIME OF LATEST TRANSACTION
- control field: 20180126110644.0
008 - FIXED-LENGTH DATA ELEMENTS
- fixed length control field: 180126|| aca||aabn | a|a d
040 ## - CATALOGING SOURCE
- Original cataloging agency: NUST
- Transcribing agency: NUST
100 ## - HEADING--PERSONAL NAME
- Personal name: Heck, Ronald M.,
- Dates associated with a name: 1943-
670 ## - SOURCE DATA FOUND
- Source citation: Work cat.: (NUST)0: Heck, Ronald M., 1943-, Catalytic air pollution control :, c2002.
